100 nombres de bares más comunes en España - Estadísticas

Estadísticas generales
  • Esta prueba ha sido intentada 816 veces
  • La puntuación promedio es 11 de 100
Estadísticas de respuestas
# Nombre % Correcto
10 Juan
62%
50 Jose
59%
4 Paco
58%
8 Pepe
58%
6 Manolo
56%
16 Antonio
47%
34 Madrid
46%
43 España
38%
26 Luis
35%
62 Sevilla
33%
48 Pedro
31%
1 Plaza
31%
20 La Esquina
26%
46 Carlos
25%
44 Miguel
22%
7 La Taberna
21%
37 Sol
21%
65 Andalucía
17%
2 Avenida
17%
75 Carmen
17%
52 Galicia
17%
11 Luna
16%
68 Javi
15%
59 Ángel
14%
54 El Rincón
13%
76 Granada
13%
32 La Tasca
13%
22 Los amigos
13%
84 Martín
13%
93 Santi
12%
53 Castilla
11%
28 El Parque
11%
12 La Estación
11%
69 La Bodega
10%
30 París
10%
86 El Puerto
9%
3 La Parada
9%
41 La Torre
9%
29 Centro
8%
95 El Chiringuito
8%
40 La Estrella
8%
24 La Fuente
8%
91 Roma
8%
42 El Puente
7%
18 Europa
7%
5 Central
6%
61 La Peña
6%
98 Las Torres
6%
21 La Terraza
6%
56 Toni
6%
72 Torres
6%
35 El Cruce
5%
17 El Paso
5%
73 Alba
4%
47 El Molino
4%
82 Emilio
4%
86 Gran Vía
4%
83 Ibiza
4%
64 La Bodeguilla
4%
19 La Cantina
4%
51 La Parra
4%
58 Alhambra
3%
66 Bahia
3%
49 California
3%
81 El Mirador
3%
77 Jardín
3%
87 La Bodeguita
3%
78 La Esquinita
3%
27 La Granja
3%
38 La Oficina
3%
39 Las Palmeras
3%
45 San Francisco
3%
15 Victoria
3%
33 Alameda
2%
67 Caribe
2%
63 Casablanca
2%
100 El Polígono
2%
97 Extremeño
2%
60 Florida
2%
14 Las Vegas
2%
25 Los Ángeles
2%
9 Los Arcos
2%
70 Moreno
2%
71 Paraíso
2%
92 San Miguel
2%
13 Stop
2%
99 Trébol
2%
31 Venecia
2%
57 Acuario
1%
74 Capri
1%
55 El Cazador
1%
88 La Perla
1%
89 La Tertulia
1%
90 La Viña
1%
36 Los Cazadores
1%
79 Miramar
1%
80 Nou
1%
23 Oasis
1%
85 Sport
1%
94 Tropical
1%
No se encontraron pruebas coincidentes
Distribución de puntuación
Porcentaje de gente con cada puntuación
Porcentaje por número respondido
Historial de tus puntuaciones
No has intentado esta prueba.